| 000 | 00443nam a2200181Ia 4500 | ||
|---|---|---|---|
| 005 | 20240823031408.0 | ||
| 008 | 240823s9999||||xx |||||||||||||| ||und|| | ||
| 041 | _aENGLISH | ||
| 082 | _A621.3 | ||
| 100 | _aBalakrishnan A et al. | ||
| 245 | 0 | _aBasics of Electrical and Electronics Engineering | |
| 250 | _a1st | ||
| 260 | _bN . V Publica | ||
| 500 | _aTRANSFERED | ||
| 650 |
_aElectrical _bElectrical |
||
| 942 | _cBK | ||
| 999 |
_c190966 _d190966 |
||